000 00276nam a22001217a 4500
082 _a823
_bBRE/T
100 _aBRECHT, BERIOLT
245 _aTHE LIFE OF GALIKO
260 _aLONDON
_bOXFORD LONDON
_c1997
300 _a127
650 _aENGLISH STORY
_zUNITED KINGDOM
942 _cBK
999 _c7596
_d7596